LEADER 01254nam0 22002891i 450 001 UON00528844 005 20250702094950.387 010 $a978-07-914046-2-1 100 $a20250702d1991 |0itac50 ba 101 $aeng 102 $aUM 105 $a|||| ||||| 200 1 $aKabir Legends and Ananta-Das's Kabir Parachai$fDavid N. Lorenzen$eWith a translation of the Kabir Parachai prepared in collaboration with Jagdish Kumar and Uma Thukral and with an Edition of the Niranjani Panthi recension of this Work 210 $aAlbany$cState University of New York Press$d1991 215 $axiii, 268 p.$d24 cm 620 $aUS$dAlbany, N.Y.$3UONL001849 700 1$aLORENZEN$bDavid N.$3UONV032079$0251699 702 1$aKUMAR$bJagdish$3UONV297477 702 1$aTHUKRAL$bUma$3UONV297478 712 $aState University of New York Press$3UONV245851$4650 801 $aIT$bSOL$c20250704$gRICA 899 $aSIBA - SISTEMA BIBLIOTECARIO DI ATENEO$2UONSI 912 $aUON00528844 950 $aSIBA - SISTEMA BIBLIOTECARIO DI ATENEO$dSI SI SHIVA 273 $eSI 52880 7 273 996 $aKabir Legends and Ananta-Das's Kabir Parachai$94399891 997 $aUNIOR 998 $a1